[Event "Memorial P.Lezcano 2009 -Trofeo Cabildo"]
[Site "Gran Canaria ESP"]
[Date "2009.04.11"]
[Round "8.5"]
[White "Menvielle Lacourrelle, Augusto"]
[Black "Alvarado Diaz, Alejandro"]
[Result "1-0"]
[WhiteElo "2262"]
[BlackElo "1787"]
[PlyCount "55"]
[EventDate "2009.04.05"]
[EventType "tourn"]
[EventRounds "9"]
[EventCountry "ESP"]
[Source "lmi"]
[SourceDate "2009.04.05"]

1. e4 Nf6 2. d3 d5 3. e5 Nfd7 4. d4 e6 5. c3 c5 6. Nf3 Nc6 7. Be2 cxd4 8. cxd4
Be7 9. O-O O-O 10. Nc3 f6 11. exf6 Bxf6 12. Be3 Ne7 13. Bd3 e5 14. dxe5 Nxe5
15. Nxe5 Bxe5 16. Qh5 Bf5 17. Rad1 d4 18. Bg5 Bf6 19. Ne4 Bg6 20. Qe2 Bxe4 21.
Qxe4 Bxg5 22. Qxh7+ Kf7 23. Qh5+ Kf6 24. f4 Bh6 25. Rde1 Rh8 26. g4 g6 27. Qe5+
Kf7 28. Bc4+ 1-0

[Event "Memorial P.Lezcano 2009 -Trofeo Cabildo"]
[Site "Gran Canaria ESP"]
[Date "2009.04.12"]
[Round "9.1"]
[White "Alvarado Diaz, Alejandro"]
[Black "Sanchez Quintero, Raul"]
[Result "0-1"]
[WhiteElo "1787"]
[BlackElo "2139"]
[PlyCount "66"]
[EventDate "2009.04.05"]
[EventType "tourn"]
[EventRounds "9"]
[EventCountry "ESP"]
[Source "lmi"]
[SourceDate "2009.04.05"]

1. e3 e5 2. b3 Nc6 3. Bb2 d6 4. d3 f5 5. Nd2 Nf6 6. Ngf3 Be7 7. Be2 O-O 8. O-O
Kh8 9. a4 e4 10. Nd4 Ne5 11. Nc4 a6 12. b4 Ng6 13. dxe4 fxe4 14. b5 d5 15. Nd2
axb5 16. axb5 Rxa1 17. Qxa1 Bd6 18. f4 exf3 19. N4xf3 Qe7 20. Bd4 c5 21. bxc6
bxc6 22. Qa7 Nd7 23. Re1 c5 24. Bb2 Qxe3+ 25. Kh1 Qh6 26. Ba6 Bb8 27. Qa8 Bxa6
28. Qxa6 d4 29. Nf1 Nde5 30. Bc1 Qh5 31. Nxe5 Bxe5 32. h3 h6 33. Qc6 Qe2 0-1

[Event "Memorial P.Lezcano 2009 -Trofeo Cabildo"]
[Site "Gran Canaria ESP"]
[Date "2009.04.12"]
[Round "9.2"]
[White "Ortega Hermida, Daniel"]
[Black "Menvielle Lacourrelle, Augusto"]
[Result "1-0"]
[WhiteElo "2404"]
[BlackElo "2262"]
[PlyCount "51"]
[EventDate "2009.04.05"]
[EventType "tourn"]
[EventRounds "9"]
[EventCountry "ESP"]
[Source "lmi"]
[SourceDate "2009.04.05"]

1. d4 f5 2. e4 fxe4 3. Nc3 Nf6 4. Bg5 Nc6 5. d5 Ne5 6. Qe2 Nf7 7. Bxf6 exf6 8.
Nxe4 Be7 9. d6 cxd6 10. O-O-O O-O 11. f4 Qa5 12. Nc3 Bd8 13. Nf3 Rb8 14. Rd5 b5
15. Rxb5 Rxb5 16. Qxb5 Qc7 17. Bc4 Bb7 18. Nd5 Qc6 19. Qb3 Ba6 20. Bxa6 Qxa6
21. Nd4 Kh8 22. Re1 Qa5 23. c3 Qc5 24. Qb5 a6 25. Qxd7 Qxd5 26. Re8 1-0

[Event "Memorial P.Lezcano 2009 -Trofeo Cabildo"]
[Site "Gran Canaria ESP"]
[Date "2009.04.12"]
[Round "9.5"]
[White "Natalicchio Escalante, Nicolas"]
[Black "Navarro Molina, David"]
[Result "1-0"]
[WhiteElo "2246"]
[BlackElo "1821"]
[PlyCount "107"]
[EventDate "2009.04.05"]
[EventType "tourn"]
[EventRounds "9"]
[EventCountry "ESP"]
[Source "lmi"]
[SourceDate "2009.04.05"]

1. d4 Nf6 2. c4 e6 3. Nc3 Bb4 4. Qc2 O-O 5. e4 d6 6. a3 Bxc3+ 7. bxc3 c5 8. e5
dxe5 9. dxe5 Nfd7 10. f4 Nc6 11. Nf3 Qe7 12. Bd3 g6 13. O-O b6 14. Be3 Bb7 15.
Bf2 f5 16. exf6 Qxf6 17. Rad1 Qg7 18. Ng5 Rae8 19. Rde1 Nd8 20. Bh4 Nf6 21. Nf3
Nc6 22. Re2 Nh5 23. g3 Bc8 24. Rfe1 Bd7 25. Be4 Na5 26. Ne5 Rc8 27. Rd2 Rc7 28.
Be7 Qxe7 29. Bxg6 Nf6 30. Red1 Be8 31. Bd3 Nc6 32. Re1 Nd7 33. Nf3 Nd8 34. Ng5
Nf6 35. Rde2 Bd7 36. f5 Rc6 37. fxe6 Nxe6 38. Bf5 Re8 39. Bxe6+ Bxe6 40. Rxe6
Rxe6 41. Rxe6 Qg7 42. Rxe8+ Nxe8 43. Qf5 h6 44. Qd5+ Kh8 45. Nf7+ Kh7 46. Qe4+
Qg6 47. Qxe8 Kg7 48. Kf2 Qc2+ 49. Qe2 Qf5+ 50. Qf3 Qc2+ 51. Kg1 Qc1+ 52. Kg2
Qd2+ 53. Kh3 Qc1 54. Ne5 1-0